| 000 | 00764nam a2200289Ia 4500 | ||
|---|---|---|---|
| 005 | 20260324150550.0 | ||
| 008 | 008 260324s9999 xx 000 0 eng d | ||
| 020 | _a9780429486449 | ||
| 037 | _aEBOOK | ||
| 040 | _aCRL | ||
| 040 | _beng | ||
| 040 | _cCRL | ||
| 041 | _2eng | ||
| 041 | _aeng | ||
| 084 | _qCRL | ||
| 100 |
_aAidan Southall _9596444 |
||
| 245 | 0 | _aSocial Change in Modern Africa | |
| 245 | 0 | _bStudies Presented and Discussed at the First International African Seminar, Makerere College, Kampala, January 1959 | |
| 260 | _bTaylor and Francis | ||
| 260 | _c1961 | ||
| 365 | _a | ||
| 365 | _b205 | ||
| 856 | _uhttp://www.taylorfrancis.com/books/9780429486449 | ||
| 942 | _cEBOOK | ||
| 999 |
_c1836520 _d1836520 |
||